|
|
|
|
| LEADER |
01056nam a2200277 a 4500 |
| 001 |
13883102 |
| 008 |
101012r20092005njua b 001 0 eng d |
| 010 |
|
|
|a 2005005678
|
| 020 |
|
|
|a 0321267974 (hardcover : alk. paper)
|
| 020 |
|
|
|a 9788131715826
|
| 040 |
|
|
|a DLC
|c DLC
|d DLC
|d DLC
|d BD-DhAAL
|
| 082 |
0 |
0 |
|a 005.1
|2 22
|
| 100 |
1 |
|
|a Booch, Grady.
|
| 245 |
1 |
4 |
|a The unified modeling language user guide /
|c Grady Booch, James Rumbaugh, Ivar Jacobson.
|
| 250 |
|
|
|a 2nd ed.
|
| 260 |
|
|
|a Upper Saddle River, NJ :
|b Addison-Wesley ;
|a New Delhi :
|b Pearson Education
|c 2005.[Reprinted 2009]
|
| 300 |
|
|
|a xviii, 475 p. :
|b ill. ;
|c 24 cm.
|
| 504 |
|
|
|a Includes index.
|
| 541 |
|
|
|e 00021291
|
| 650 |
|
0 |
|a Computer software
|x Development.
|
| 650 |
|
0 |
|a UML (Computer science)
|
| 700 |
1 |
|
|a Rumbaugh, James.
|
| 700 |
1 |
|
|a Jacobson, Ivar.
|
| 852 |
4 |
|
|a Ayesha Abed Library
|j General shelf
|
| 999 |
|
|
|c 9747
|d 9747
|
| 952 |
|
|
|0 0
|1 0
|2 ddc
|4 0
|6 005_100000000000000_BOO_2010
|7 0
|9 12415
|a BRACUL
|b BRACUL
|c GEN
|d 2010-10-12
|g 682.50
|l 0
|o 005.1 BOO
|p 3010021291
|r 2010-10-12
|t 1
|w 2010-10-12
|y BK
|